Buku sains saya tentang cahaya

Bibliographic Details
Main Author: Ardley, Neil
Format: Book
Published: Kuala Lumpur : DBP , 1992
Series:Buku sains saya tentang..
Subjects:

MARC

LEADER 00000cam a2200000 7i4500
001 0000003957
002 000004262
005 20060123.0
020 |a 9836229590 
090 0 0 |a 535   |b ARD 
100 1 |a Ardley, Neil 
245 1 0 |a Buku sains saya tentang cahaya   |c Neil Ardley 
260 |a Kuala Lumpur :   |b DBP ,   |c 1992 
300 |a 29 p. :   |b ill ;   |c 24 cm. 
490 0 |a Buku sains saya tentang.. 
650 0 0 |a Science projects   |x Juvenile literature 
999 |a 037075   |b BUKU   |c JUNIOR BOOKS   |e PERPUSTAKAAN KOMUNITI PETALING JAYA